Aula - taller /

Guardado en:
Autor Principal: Pasel, Susana
Otros Autores: Asborno, Susana
Formato: Libro
Publicado: Buenos Aires : Aique, 1993
Edición:5a. ed.
Materias:
Etiquetas: Agregar Etiqueta
Sin Etiquetas, Sea el primero en etiquetar este registro!
LEADER 01114nam a22002415a 4500
001 CEM.cems007582
005 20060214000000.0
008 130507s1993##################000#0#####d
003 CEMS
082 0 4 |a 371.3 
100 1 |a Pasel, Susana 
245 1 0 |a Aula - taller / 
250 |a 5a. ed. 
260 |a Buenos Aires :  |b Aique,  |c 1993 
300 |a 186 p. 
505 0 |a El ense¤ar y el aprender.-El planeamiento de la tarea en el aula-taller.-T'cnicas y procedimiento de la metodolog¡a del aula-taller.-El rol del docente y el rol del alumno en el aula-taller.-Los subtemas de una unidad did ctica.-La evaluaci¢n en el aula-taller.-La metodolog¡a del aula-taller en las distintas asignaturas del nivel medio.-El aula taller como propuesta metodologica para distintos niveles de ense¤anza.-El aula taller, una propuesta abierta.- 
653 |a Aula taller 
653 |a C. basico 1994 
653 |a Educacion 
653 |a Talleres educativos 
700 1 |a Asborno, Susana 
859 |a CEMS  |b BIB. CEMS - 11 de abril  |h 371.3  |i P26a5  |p 17716.94  |t Ej.1 
859 |a CEMS  |b BIB. CEMS - 11 de abril  |h 371.3  |i P26a5  |p 22175.03  |t Ej.2